[Event "OHRA"]
[Site "Amsterdam OHRA"]
[Date "1982.??.??"]
[Round "8"]
[White "Miles, Anthony J"]
[Black "Hort, Vlastimil"]
[Result "0-1"]
[WhiteElo "2575"]
[BlackElo "2590"]
[PlyCount "33"]
[EventDate "1982.??.??"]
[Source "www.chesslib.no"]
[SourceDate "2004.05.04"]

1. d4 Nf6 2. Nc3 d5 3. Bg5 Bf5 4. Bxf6 gxf6 5. e3 e6 6. Nge2 Bd6 7. Nb5 Be7 8. Ng3 Bg6 9. c4 c6 10. Nc3 h5 11. Nge2 Bd6 12. Qb3 Kf8 13. c5 Bxc5 14. Nf4 Be7 15. Ba6 bxa6 16. Qb7 Qc8 17. Qb3 0-1

[Event "BL"]
[Site "BL"]
[Date "1994.??.??"]
[Round "?"]
[White "Wahls, Matthias"]
[Black "Lutz, Christopher"]
[Result "0-1"]
[WhiteElo "2520"]
[BlackElo "2595"]
[PlyCount "55"]
[EventDate "1994.??.??"]
[Source "www.chesslib.no"]
[SourceDate "2004.05.04"]

1. d4 Nf6 2. Nc3 d5 3. Bg5 Bf5 4. Bxf6 exf6 5. e3 c6 6. Bd3 Qd7 7. Nf3 Bb4 8. O-O O-O 9. a3 Bd6 10. Re1 a5 11. Bxf5 Qxf5 12. e4 dxe4 13. Nxe4 Bc7 14. Nh4 Qd7 15. Qh5 Qxd4 16. Nf5 Qe5 17. Neg3 Qf4 18. Re4 Qg5 19. Rg4 Qxh5 20. Rxg7+ Kh8 21. Nxh5 Nd7 22. Rd1 Rad8 23. g4 Ne5 24. Rxd8 Bxd8 25. f4 Nc4 26. b3 Nxa3 27. Nh6 Nb5 28. Rg8+ 0-1

[Event "CSR-ch"]
[Site "Brno"]
[Date "1975.??.??"]
[Round "10"]
[White "Suetin, Alexey S"]
[Black "Taimanov, Mark E"]
[Result "1/2-1/2"]
[WhiteElo "2520"]
[BlackElo "2580"]
[PlyCount "36"]
[EventDate "1975.??.??"]
[Source "ChessBase"]

1. d4 Nf6 2. Nc3 d5 3. Bg5 Bf5 4. Bxf6 exf6 5. e3 c6 6. Bd3 Qd7 7. Nge2 Bd6 8. O-O O-O 9. Ng3 Bxg3 10. hxg3 Re8 11. Ne2 Bxd3 12. Qxd3 Na6 13. a3 Rad8 14. Nf4 Nc7 15. c4 Ne6 16. Rac1 Nxf4 17. gxf4 Qe6 18. Rfd1 f5 1/2-1/2

[Event "8th Open"]
[Site "St Lo"]
[Date "2004.02.16"]
[Round "4"]
[White "Mihajlovskij, Sergei"]
[Black "Fedorchuk, Sergey A"]
[Result "0-1"]
[WhiteElo "2419"]
[BlackElo "2571"]
[PlyCount "64"]
[EventDate "2004.02.14"]
[Source "Roberto Alvarez"]
[SourceDate "2004.03.08"]

1. d4 Nf6 2. Nc3 d5 3. Bg5 Bf5 4. Bxf6 exf6 5. e3 c6 6. Bd3 Bg6 7. Qf3 Bxd3 8. cxd3 Bd6 9. Nge2 Na6 10. O-O O-O 11. Rab1 Re8 12. Rfc1 g6 13. g3 f5 14. a3 Nc7 15. b4 a5 16. Rc2 axb4 17. axb4 b5 18. e4 fxe4 19. dxe4 Ra3 20. e5 Bf8 21. Qf4 Qd7 22. Qc1 Rea8 23. Nd1 R8a6 24. Ne3 h5 25. Rc3 Ra2 26. Nc2 Qf5 27. Qf4 Qxf4 28. gxf4 Ne6 29. Kg2 Bh6 30. Kf3 Bxf4 31. Rd1 Bh6 32. h4 Rb2 0-1

[Event "Toth Memorial"]
[Site "Kecskemet HUN"]
[Date "1972.??.??"]
[Round "?"]
[White "Suetin, Alexei S"]
[Black "Toth, Bela"]
[Result "1/2-1/2"]
[WhiteElo "2550"]
[BlackElo "2410"]
[PlyCount "81"]
[EventDate "1972.??.??"]
[Source "www.chesslib.no"]
[SourceDate "2004.05.04"]

1. d4 Nf6 2. Nc3 d5 3. Bg5 Bf5 4. Bxf6 exf6 5. e3 c6 6. Bd3 Bxd3 7. Qxd3 Na6 8. a3 Bd6 9. e4 dxe4 10. Nxe4 Qa5+ 11. c3 Be7 12. Nf3 O-O 13. O-O Rfd8 14. Rfe1 Bf8 15. b4 Qd5 16. c4 Qd7 17. Rad1 Nc7 18. Qc2 a5 19. Nc5 Qc8 20. Na4 Ra6 21. Rb1 axb4 22. axb4 b5 23. Nc5 Ra3 24. Ra1 Rxf3 25. gxf3 Rxd4 26. Re4 Bxc5 27. bxc5 Rxc4 28. Rxc4 bxc4 29. Qxc4 g6 30. Qg4 Ne6 31. Qg3 Nxc5 32. Qd6 Ne6 33. Ra7 Kg7 34. h4 Qe8 35. Re7 Qc8 36. h5 Ng5 37. h6+ Kxh6 38. Qxf6 Qh3 39. Re3 Qh5 40. Kf1 Qh4 41. f4 1/2-1/2

[Event "Hastings 7980"]
[Site "Hastings"]
[Date "1979.??.??"]
[Round "3"]
[White "Christiansen, Larry Mark"]
[Black "Biyiasas, Peter"]
[Result "1-0"]
[WhiteElo "2475"]
[BlackElo "2485"]
[PlyCount "81"]
[EventDate "1979.12.??"]
[Source "ChessBase"]

1. Nc3 Nf6 2. d4 d5 3. Bg5 Bf5 4. Bxf6 exf6 5. e3 Nc6 6. Bd3 Qd7 7. Nge2 Bb4 8. O-O O-O 9. a3 Bxc3 10. Nxc3 Ne7 11. Ne2 c6 12. c4 Rae8 13. Rc1 Bxd3 14. Qxd3 dxc4 15. Rxc4 f5 16. Nf4 Ng6 17. Nxg6 hxg6 18. Rfc1 Re6 19. b4 a6 20. a4 Rfe8 21. g3 Rf6 22. h4 Kh7 23. Rc5 Re4 24. b5 axb5 25. axb5 Rd6 26. bxc6 bxc6 27. Qc2 Ree6 28. h5 gxh5 29. Rxf5 Kh6 30. Ra5 g6 31. Qb2 Rd5 32. Ra8 Rf6 33. Qb8 Qh3 34. e4 Rb5 35. Qf8+ Kg5 36. Qd8 Rb3 37. Ra2 Rbf3 38. Rxc6 Kh6 39. Qh8+ Kg5 40. Rxf6 Rd3 41. Rf5+ 1-0

[Event "Chigorin mem-A 10th"]
[Site "?"]
[Date "2002.10.25"]
[Round "1"]
[White "Hasangatin Ramil"]
[Black "Frolov Denis"]
[Result "1/2-1/2"]
[WhiteElo "2524"]
[BlackElo "2431"]
[PlyCount "80"]
[EventDate "2002.??.??"]
[Source "www.chesslib.no"]
[SourceDate "2004.05.04"]

1. d4 d5 2. Nc3 Nf6 3. Bg5 Bf5 4. Bxf6 exf6 5. e3 c6 6. Bd3 Bxd3 7. Qxd3 Na6 8. e4 Qe7 9. O-O-O Nb4 10. Qe2 dxe4 11. Nxe4 O-O-O 12. Nc3 Qe6 13. Kb1 Bd6 14. a3 Nd5 15. Nxd5 Qxd5 16. Nf3 Rhe8 17. Qd3 f5 18. Rhe1 b5 19. g3 g6 20. Nd2 Bc7 21. c3 Re6 22. Re2 Rde8 23. Rde1 Rxe2 24. Rxe2 Qh1+ 25. Ka2 Rxe2 26. Qxe2 Qd5+ 27. Kb1 Qh1+ 28. Kc2 Qxh2 29. Qe8+ Kb7 30. d5 cxd5 31. Qxb5+ Kc8 32. Qa6+ Kb8 33. Qe2 Qg2 34. Kb1 Bb6 35. Nf3 Qxf2 36. Qe8+ Kb7 37. Qd7+ Kb8 38. Qe8+ Kb7 39. Qd7+ Kb8 40. Qe8+ Kb7 1/2-1/2

[Event "VIII Open del Rodano"]
[Site "Sautron FRA"]
[Date "2008.10.29"]
[Round "6"]
[White "Das, Arg"]
[Black "Maiorov, N1."]
[Result "1/2-1/2"]
[WhiteElo "2404"]
[BlackElo "2530"]
[PlyCount "117"]
[EventDate "2008.10.25"]
[Source "www.chesslib.no"]
[SourceDate "2004.05.04"]

1. d4 Nf6 2. Nc3 d5 3. Bg5 Bf5 4. Bxf6 exf6 5. e4 dxe4 6. Qe2 c6 7. O-O-O Bb4 8. g4 Bc8 9. Nxe4 O-O 10. f4 f5 11. gxf5 Bxf5 12. Bh3 Qh4 13. Qf2 Qxf2 14. Nxf2 Bxh3 15. Ngxh3 Nd7 16. c3 Be7 17. Rhe1 Rfe8 18. Re2 Bf8 19. Rde1 Rxe2 20. Rxe2 f5 21. Kd2 Nf6 22. Ke3 Re8+ 23. Kf3 Rxe2 24. Kxe2 Bd6 25. Kf3 h6 26. Nd3 Ng4 27. Kg2 Kf7 28. Nhf2 Ke6 29. h3 Nxf2 30. Kxf2 Kd5 31. Ke3 g5 32. b3 b5 33. fxg5 hxg5 34. Nb2 Bf8 35. c4+ Kd6 36. Nd3 Bg7 37. Nf2 bxc4 38. bxc4 Kc7 39. Kd3 Kd6 40. Nd1 Ke6 41. Ne3 Bf8 42. Nc2 Be7 43. Ke3 Bd6 44. Ne1 Kf6 45. Nd3 a5 46. Kf3 Bb8 47. a4 Bd6 48. Ke3 g4 49. hxg4 fxg4 50. Ke4 Kg5 51. Ne1 Kh4 52. Ng2+ Kh3 53. Ne3 Bf8 54. c5 g3 55. d5 Bxc5 56. dxc6 Bb6 57. Kf3 Bd8 58. Ng2 Bb6 59. Ke4 1/2-1/2

[Event "ISR-ch op"]
[Site "Tel Aviv"]
[Date "1999.04.05"]
[Round "6"]
[White "Maryasin, Boris"]
[Black "Tyomkin, Dimitri"]
[Result "0-1"]
[WhiteElo "2398"]
[BlackElo "2504"]
[PlyCount "104"]
[EventDate "1999.03.28"]
[Source "ChessBase"]
[SourceDate "1999.08.01"]

1. d4 d5 2. Nc3 Nf6 3. Bg5 Bf5 4. Bxf6 gxf6 5. e3 e6 6. Bd3 Bg6 7. f4 f5 8. Nf3 Bh5 9. Be2 Nd7 10. Ne5 Bxe2 11. Qxe2 Nxe5 12. dxe5 a6 13. O-O-O Bb4 14. e4 Bxc3 15. exd5 Bb4 16. dxe6 Qe7 17. exf7+ Qxf7 18. e6 Qf6 19. Rd7 Bd6 20. g3 O-O 21. Re1 Rae8 22. Rf7 Qg6 23. Qc4 b5 24. Qd5 Re7 25. Rxe7 Bxe7 26. Qc6 Rd8 27. Qxc7 Qf6 28. c3 b4 29. Kc2 bxc3 30. bxc3 Rd6 31. Qc8+ Kg7 32. Re5 Qh6 33. h4 Qh5 34. Re1 Qf3 35. Qc4 Qf2+ 36. Qe2 Qxe2+ 37. Rxe2 Kf6 38. h5 Rxe6 39. Rg2 Kf7 40. Kd3 Rh6 41. Rh2 Rd6+ 42. Ke3 Re6+ 43. Kd3 Re1 44. Rb2 Rg1 45. Rb6 Rxg3+ 46. Kc4 Rg4 47. Rxa6 Rxf4+ 48. Kd5 Rf1 49. c4 f4 50. Ke4 f3 51. Ra5 f2 52. Kf3 Bh4 0-1

[Event "Cheliabinsk (Russia)"]
[Site "?"]
[Date "2004.09.??"]
[Round "?"]
[White "Ponkratov Pavel"]
[Black "Looshnikov Nikolai"]
[Result "1-0"]
[WhiteElo "2413"]
[BlackElo "2464"]
[PlyCount "117"]
[EventDate "2004.??.??"]
[Source "www.chesslib.no"]
[SourceDate "2004.05.04"]

1. d4 Nf6 2. Nc3 d5 3. Bg5 Bf5 4. Bxf6 gxf6 5. e3 e6 6. Bd3 Bxd3 7. cxd3 Nd7 8. Nge2 c6 9. O-O Bd6 10. e4 Qb6 11. Qc1 h5 12. Rb1 Qc7 13. f4 O-O-O 14. b4 Kb8 15. Qd2 Rdg8 16. Rfc1 Rg4 17. e5 Be7 18. Nd1 Qb6 19. Ne3 fxe5 20. Nxg4 hxg4 21. a4 exd4 22. a5 Qd8 23. a6 Bd6 24. g3 Qb6 25. axb7 Kxb7 26. Rc2 e5 27. Nc1 Ka8 28. b5 cxb5 29. Qg2 e4 30. Rcb2 Rc8 31. Na2 Qc6 32. Rxb5 Nc5 33. Nc1 Na4 34. Ne2 f5 35. Ra5 Nc3 36. Rba1 Bc5 37. Nc1 Bb6 38. Ra6 Qb5 39. Qc2 Kb7 40. R6a3 Re8 41. Rb3 Qc5 42. Qb2 Re6 43. Kf1 Qe7 44. Ne2 Nxe2 45. Qxe2 exd3 46. Qxd3 Re3 47. Qa6+ Kc6 48. Rc1+ Rc3 49. Rcxc3+ dxc3 50. Qc8+ Kd6 51. Rxc3 Qd7 52. Qf8+ Ke6 53. Qh6+ Kf7 54. Rc6 Bd4 55. Qg6+ Ke7 56. Kg2 a5 57. Qh7+ Ke8 58. Qg8+ Ke7 59. Rh6 1-0

[Event "Bayamo"]
[Site "Bayamo"]
[Date "1984.??.??"]
[Round "?"]
[White "Braga, Fernando"]
[Black "Rodriguez Cespedes, Amador"]
[Result "0-1"]
[WhiteElo "2410"]
[BlackElo "2445"]
[PlyCount "88"]
[EventDate "1984.02.??"]
[Source "ChessBase"]

1. d4 Nf6 2. Nc3 d5 3. Bg5 Bf5 4. Bxf6 gxf6 5. e3 e6 6. Nge2 c5 7. Ng3 Bg6 8. Bd3 Nc6 9. O-O cxd4 10. exd4 Qb6 11. Nce2 O-O-O 12. c3 Qxb2 13. Rb1 Qa3 14. f4 Bxd3 15. Qxd3 Rd7 16. Rb3 Qxa2 17. Rfb1 Na5 18. Nc1 Qa4 19. R3b2 Qc4 20. Qd1 Qc6 21. Ra2 b6 22. Nd3 Rc7 23. Ne2 Nc4 24. Rba1 Kb8 25. Qb1 Bd6 26. Kh1 Rhc8 27. Ne1 f5 28. Nd3 f6 29. Qe1 Qd7 30. Qb1 Rb7 31. Qe1 Bf8 32. Qh4 Qf7 33. Nf2 Nd6 34. Qg3 Rc6 35. Qd3 Qd7 36. h3 Rc4 37. Qg3 Rbc7 38. Qg8 Qf7 39. Qg3 Qg6 40. Qe3 Rg7 41. Rg1 Ne4 42. g4 Nxf2+ 43. Qxf2 fxg4 44. hxg4 Qe4+ 0-1

[Event "Dato Arthur Tan Malaysian Op"]
[Site "Kuala Lumpur MAS"]
[Date "2007.08.21"]
[Round "4"]
[White "Liew Chee Meng, Jimmy"]
[Black "Nguyen Anh Dung"]
[Result "0-1"]
[WhiteElo "2309"]
[BlackElo "2537"]
[PlyCount "66"]
[EventDate "2007.08.20"]
[Source "www.chesslib.no"]
[SourceDate "2004.05.04"]

1. d4 Nf6 2. Nc3 d5 3. Bg5 Bf5 4. Bxf6 exf6 5. e3 c6 6. Bd3 Bg6 7. Nge2 Bd6 8. e4 dxe4 9. Nxe4 Bc7 10. Qd2 O-O 11. O-O Re8 12. f3 Nd7 13. Rfe1 Nf8 14. Nc5 Ne6 15. Nxe6 fxe6 16. Bxg6 hxg6 17. c4 Qd6 18. g3 e5 19. Qc2 exd4 20. Qxg6 Ba5 21. Nc3 Rxe1+ 22. Rxe1 dxc3 23. Re8+ Rxe8 24. Qxe8+ Qf8 25. Qe6+ Kh7 26. Qf5+ g6 27. Qxa5 cxb2 28. Qe1 a5 29. Kg2 Qb4 30. Qd1 b1=Q 31. Qd7+ Kh6 32. Qh3+ Kg7 33. Qd7+ Kf8 0-1

[Event "Bayamo"]
[Site "Bayamo"]
[Date "1984.??.??"]
[Round "?"]
[White "Ochoa de Echaguen, F Javier"]
[Black "Estevez Morales, Guillermo"]
[Result "1/2-1/2"]
[WhiteElo "2415"]
[BlackElo "2430"]
[PlyCount "38"]
[EventDate "1984.02.??"]
[Source "ChessBase"]

1. d4 Nf6 2. Nc3 d5 3. Bg5 Bf5 4. Bxf6 exf6 5. e3 Bb4 6. Bd3 Bxd3 7. Qxd3 Nc6 8. Nge2 Qd7 9. a3 Bxc3+ 10. Nxc3 f5 11. O-O-O O-O 12. h3 Ne7 13. g4 c6 14. gxf5 Qxf5 15. Qxf5 Nxf5 16. b3 Rfe8 17. Na4 Nd6 18. Nc5 Ne4 19. Nxe4 Rxe4 1/2-1/2

[Event "ARM Ch"]
[Site "Erevan ARM"]
[Date "1996.??.??"]
[Round "5"]
[White "Aronian, Levon"]
[Black "Anastasian, Ashot"]
[Result "1/2-1/2"]
[WhiteElo "2310"]
[BlackElo "2520"]
[PlyCount "81"]
[EventDate "1996.??.??"]
[Source "www.chesslib.no"]
[SourceDate "2004.05.04"]

1. d4 Nf6 2. Nc3 d5 3. Bg5 Bf5 4. Bxf6 gxf6 5. e3 e6 6. Bd3 Bg6 7. Nf3 c5 8. dxc5 Bxc5 9. O-O Nc6 10. Ne2 Qb6 11. Rb1 Rd8 12. c3 Kf8 13. Qc2 Kg7 14. Nf4 Ne5 15. Nxe5 fxe5 16. Nxg6 hxg6 17. Rfe1 e4 18. Bf1 f5 19. h3 a5 20. a3 Be7 21. b4 axb4 22. axb4 Bf6 23. c4 d4 24. c5 Qc7 25. exd4 Bxd4 26. Rb3 Qc6 27. Ra3 Ra8 28. Qa2 b6 29. Rd1 bxc5 30. bxc5 Rxa3 31. Qxa3 Qxc5 32. Qxc5 Bxc5 33. Rc1 Bd4 34. g3 Rb8 35. Rc2 Kf6 36. h4 e3 37. fxe3 Bxe3+ 38. Kg2 Rb3 39. Bc4 Ra3 40. Re2 Rc3 41. Bxe6 1/2-1/2

[Event "Oslo Open"]
[Site "Oslo NOR"]
[Date "1994.??.??"]
[Round "1"]
[White "Karlsson, Lars C-G"]
[Black "Madsen, Dag"]
[Result "1/2-1/2"]
[WhiteElo "2520"]
[BlackElo "2310"]
[PlyCount "102"]
[EventDate "1994.03.??"]
[Source "www.chesslib.no"]
[SourceDate "2004.05.04"]

1. d4 d5 2. Nc3 Nf6 3. Bg5 Bf5 4. Bxf6 exf6 5. e3 c6 6. Bd3 Bxd3 7. Qxd3 Bd6 8. e4 dxe4 9. Nxe4 O-O 10. Nf3 f5 11. Nxd6 Qxd6 12. O-O g6 13. Qb3 Nd7 14. a4 Nf6 15. a5 Rfd8 16. c3 Qc7 17. Rfe1 Rd6 18. Ne5 Rad8 19. Qc4 Rd5 20. a6 c5 21. axb7 Qxb7 22. Qa6 Qxa6 23. Rxa6 cxd4 24. cxd4 R8d6 25. Rxa7 Rxd4 26. Nxf7 Rd1 27. Kf1 Rxe1+ 28. Kxe1 Rb6 29. h3 Rxb2 30. Nh6+ Kh8 31. g4 fxg4 32. hxg4 Rb5 33. g5 Ne8 34. f4 Rb8 35. Ng4 Kg8 36. Kd2 Rc8 37. Re7 Rd8+ 38. Ke2 Ra8 39. Ke3 Ng7 40. Nf6+ Kf8 41. Rb7 h6 42. gxh6 Nf5+ 43. Kf3 Nxh6 44. Nd7+ Kg8 45. Kg3 Ra1 46. Ne5 Nf5+ 47. Kh3 Ra3+ 48. Kh2 Ra2+ 49. Kg1 Ra1+ 50. Kf2 Ra2+ 51. Kg1 Ra1+ 1/2-1/2

[Event "Sokolsky mem"]
[Site "Minsk"]
[Date "1981.??.??"]
[Round "15"]
[White "Maryasin, Boris"]
[Black "Cherepkov, Alexander V"]
[Result "0-1"]
[WhiteElo "2405"]
[BlackElo "2420"]
[PlyCount "76"]
[EventDate "1981.??.??"]
[Source "ChessBase"]

1. d4 Nf6 2. Nc3 d5 3. Bg5 Bf5 4. Bxf6 gxf6 5. e3 e6 6. Bd3 Bg6 7. f4 Bxd3 8. cxd3 c5 9. dxc5 Bxc5 10. d4 Bb4 11. Nf3 Nc6 12. O-O O-O 13. Nh4 f5 14. Qh5 Kh8 15. Rf3 Rg8 16. Rh3 Rg7 17. Ne2 Be7 18. Ng3 Bxh4 19. Rxh4 Qf6 20. Rh3 Rag8 21. Kh1 Qe7 22. Rc1 f6 23. Qe2 Na5 24. Rh6 Nc4 25. b3 Nd6 26. Qc2 Rc8 27. Qd2 Rgg8 28. Rg1 Rc6 29. Qe2 Rc3 30. Qh5 Qg7 31. Qh4 Ne4 32. Re1 Rc2 33. a4 Rgc8 34. Kg1 Rb2 35. Qh3 Nf2 36. Qh5 Ng4 37. Nxf5 exf5 38. Qxf5 Rxg2+ 0-1

[Event "ROM-ch"]
[Site "Baile Tusnad"]
[Date "2001.02.17"]
[Round "12"]
[White "Nanu, Ciprian"]
[Black "Sofronie, Iulian"]
[Result "0-1"]
[WhiteElo "2418"]
[BlackElo "2399"]
[PlyCount "66"]
[EventDate "2001.02.05"]
[Source "ChessBase"]
[SourceDate "2001.03.08"]

1. d4 Nf6 2. Nc3 d5 3. Bg5 Bf5 4. Bxf6 exf6 5. e3 c6 6. Bd3 Qd7 7. Nge2 Bd6 8. e4 dxe4 9. Nxe4 Bxe4 10. Bxe4 f5 11. Bd3 O-O 12. c3 Re8 13. Qc2 g6 14. O-O-O Qc7 15. h4 Nd7 16. h5 Nf6 17. hxg6 fxg6 18. f3 Nd5 19. g4 Ne3 20. Qb3+ Kh8 21. Rdg1 b5 22. gxf5 gxf5 23. Rh6 Re7 24. Kb1 a5 25. a4 bxa4 26. Qxa4 Rb8 27. d5 Nxd5 28. Bxf5 Rxb2+ 29. Kxb2 Rxe2+ 30. Ka1 Be5 31. Rxh7+ Qxh7 32. Bxh7 Nxc3 33. Qc4 Nb5+ 0-1

[Event "Clarin GP op"]
[Site "Villa Martelli"]
[Date "1997.??.??"]
[Round "6"]
[White "Schweber, Samuel"]
[Black "Sorin, Ariel"]
[Result "0-1"]
[WhiteElo "2355"]
[BlackElo "2460"]
[PlyCount "80"]
[EventDate "1997.??.??"]
[Source "www.chesslib.no"]
[SourceDate "2004.05.04"]

1. d4 Nf6 2. Nc3 d5 3. Bg5 Bf5 4. Bxf6 gxf6 5. e3 e6 6. Bd3 Bg6 7. Nge2 c5 8. dxc5 Bxc5 9. e4 dxe4 10. Nxe4 Nc6 11. Nxc5 Qa5+ 12. Qd2 Qxc5 13. Bxg6 hxg6 14. Qc3 Qxc3+ 15. Nxc3 O-O-O 16. Rd1 Nd4 17. Rd2 Rh5 18. Kd1 Rg5 19. g3 Rh5 20. h4 e5 21. Ne2 Nf3 22. Rxd8+ Kxd8 23. Ng1 Nd4 24. Ne2 Nf3 25. Ng1 Nd4 26. Ne2 Ne6 27. g4 Rh6 28. Ng3 Ke7 29. h5 Ng7 30. f3 f5 31. hxg6 Rxh1+ 32. Nxh1 fxg6 33. gxf5 gxf5 34. Ng3 Kf6 35. c4 Ne6 36. Ne2 Ng5 37. Ng1 f4 38. b4 e4 39. Ke2 Ke5 40. c5 a6 0-1

[Event "ROM-chT"]
[Site "Timisu de Sus"]
[Date "1998.??.??"]
[Round "1"]
[White "Mateuta, Gabriel"]
[Black "Moraru, Marius"]
[Result "1-0"]
[WhiteElo "2390"]
[BlackElo "2420"]
[PlyCount "83"]
[EventDate "1998.11.??"]
[Source "www.chesslib.no"]
[SourceDate "2004.05.04"]

1. d4 Nf6 2. Nc3 d5 3. Bg5 Bf5 4. Bxf6 exf6 5. e3 c6 6. Bd3 Bxd3 7. Qxd3 Be7 8. Nf3 O-O 9. O-O g6 10. Ne2 Nd7 11. Nd2 f5 12. c4 dxc4 13. Nxc4 Nf6 14. Qb3 Qc7 15. Rac1 Rad8 16. Rfd1 Nd5 17. Nc3 Bf6 18. Nxd5 Rxd5 19. g3 Rfd8 20. Qd3 c5 21. Nd2 b6 22. b4 Qb8 23. bxc5 bxc5 24. Nb3 cxd4 25. exd4 f4 26. Qa6 Kg7 27. Rd3 fxg3 28. hxg3 Bxd4 29. Nxd4 Rxd4 30. Rf3 R8d6 31. Qa5 R6d5 32. Qc3 Qe5 33. Kg2 Rd2 34. Qxe5+ Rxe5 35. Rc7 Ree2 36. Rfxf7+ Kg8 37. Rg7+ Kf8 38. Rcf7+ Ke8 39. a4 g5 40. Rxh7 Ra2 41. Rxa7 Rxf2+ 42. Kg1 1-0

[Event "Tch (Men) 2005/2006 NED"]
[Site "?"]
[Date "2005.11.26"]
[Round "4"]
[White "Martens Martin"]
[Black "Hoogendoorn Joost"]
[Result "1/2-1/2"]
[WhiteElo "2414"]
[BlackElo "2395"]
[PlyCount "125"]
[EventDate "2005.??.??"]
[Source "www.chesslib.no"]
[SourceDate "2004.05.04"]

1. d4 d5 2. Nc3 Nf6 3. Bg5 Bf5 4. Bxf6 exf6 5. e3 Bb4 6. Bd3 Be6 7. Nge2 c5 8. dxc5 Qa5 9. O-O Bxc3 10. Nxc3 Qxc5 11. Bb5+ Nc6 12. Qd4 Qxd4 13. Bxc6+ bxc6 14. exd4 Bf5 15. Rac1 Rb8 16. b3 Rb4 17. Rfd1 Kd8 18. Na4 Re8 19. Rd2 Rb7 20. f3 Rbe7 21. Kf2 h5 22. c4 Be6 23. cxd5 Bxd5 24. Nc3 Be6 25. Ne4 Bd5 26. Nd6 Rg8 27. Nf5 Rc7 28. Ne3 Be6 29. Rc5 Rh8 30. h4 g6 31. Rdc2 Rd7 32. d5 Bxd5 33. Nxd5 Rxd5 34. Rxc6 Ke7 35. Re2+ Kf8 36. Rc7 a6 37. Ra7 Rd6 38. Kg3 Kg7 39. Ree7 Rf8 40. a4 Rb6 41. a5 Rxb3 42. Rxa6 Ra3 43. Raa7 Ra4 44. Kh3 f5 45. a6 Kf6 46. Rec7 Kg7 47. Kg3 Kg8 48. Rd7 Kg7 49. Rd6 Rc8 50. Rdd7 Rf8 51. Rd6 Rc8 52. Re7 f4+ 53. Kh2 Rc5 54. a7 Ra1 55. Rdd7 Rf5 56. Rb7 Rf6 57. Rec7 Rf5 58. Rb8 Rfa5 59. Rbb7 Rf5 60. Rd7 Rf6 61. Rb1 Ra2 62. Rb8 Rfa6 63. Rbb7 1/2-1/2

[Event "Decin op"]
[Site "Decin"]
[Date "1996.??.??"]
[Round "5"]
[White "Khachian, Melikset"]
[Black "Jirovsky, Pavel"]
[Result "0-1"]
[WhiteElo "2480"]
[BlackElo "2325"]
[PlyCount "46"]
[EventDate "1996.??.??"]
[Source "ChessBase"]

1. d4 Nf6 2. Nc3 d5 3. Bg5 Bf5 4. Bxf6 exf6 5. e3 c6 6. Bd3 Bxd3 7. Qxd3 Bb4 8. Nge2 O-O 9. a3 Ba5 10. O-O-O Na6 11. h4 b5 12. h5 Nc7 13. Ng3 b4 14. axb4 Bxb4 15. Nf5 Ne6 16. Ne2 Re8 17. Rh3 Rb8 18. Rg3 Kh8 19. Nf4 Qa5 20. c3 Bf8 21. Qb1 Nxf4 22. exf4 Rxb2 23. Kxb2 Re2+ 0-1

[Event "NED Team Ch 9596"]
[Site "NED"]
[Date "1995.??.??"]
[Round "?"]
[White "Bredewout, Henk"]
[Black "Cuijpers, Frans A"]
[Result "1-0"]
[WhiteElo "2360"]
[BlackElo "2435"]
[PlyCount "99"]
[EventDate "1995.??.??"]
[Source "www.chesslib.no"]
[SourceDate "2004.05.04"]

1. d4 Nf6 2. Nc3 d5 3. Bg5 Bf5 4. Bxf6 exf6 5. e3 c6 6. Bd3 Qd7 7. Nge2 Be7 8. Ng3 Bxd3 9. Qxd3 g6 10. e4 dxe4 11. Ngxe4 Na6 12. O-O-O f5 13. Nd2 O-O-O 14. Nf3 Bf6 15. Qc4 Rhe8 16. Ne5 Qe6 17. Qxe6+ fxe6 18. Rhe1 g5 19. a3 Re7 20. Rd3 h5 21. b4 Nc7 22. Kb2 h4 23. Kb3 a6 24. a4 Ne8 25. b5 Bxe5 26. Rxe5 Kc7 27. d5 axb5 28. axb5 Ng7 29. dxc6 Rxd3 30. cxd3 bxc6 31. Rc5 Nh5 32. bxc6 Kb6 33. Kc4 Rc7 34. Na4+ Ka6 35. Kb4 Ka7 36. Ra5+ Kb8 37. Kb5 Ra7 38. Rxa7 Kxa7 39. Nc5 Kb8 40. Kb6 Nf4 41. c7+ Kc8 42. Kc6 Nd5 43. Nxe6 Nb4+ 44. Kd6 Nxd3 45. Nd4 Nb2 46. Nb5 Nc4+ 47. Kd5 Na5 48. Ke5 f4 49. Kf5 g4 50. Kxg4 1-0

[Event "Ljubljana op"]
[Site "Ljubljana"]
[Date "1997.??.??"]
[Round "5"]
[White "Navinsek, Thomaz"]
[Black "Kogan, Artur"]
[Result "1/2-1/2"]
[WhiteElo "2280"]
[BlackElo "2515"]
[PlyCount "71"]
[EventDate "1997.??.??"]
[Source "www.chesslib.no"]
[SourceDate "2004.05.04"]

1. d4 Nf6 2. Nc3 d5 3. Bg5 Bf5 4. Bxf6 gxf6 5. e3 c6 6. Bd3 Bg6 7. Qf3 Na6 8. O-O-O Nb4 9. Bxg6 hxg6 10. Nge2 Qa5 11. Kb1 f5 12. h4 e6 13. h5 gxh5 14. Rxh5 Rxh5 15. Qxh5 c5 16. dxc5 Qxc5 17. Nd4 Qe7 18. a3 Nc6 19. Nxf5 exf5 20. Nxd5 Qd8 21. Qxf5 Bg7 22. f4 Kf8 23. Qh5 Qa5 24. f5 Re8 25. f6 Bxf6 26. Nxf6 Qxh5 27. Nxh5 Rxe3 28. Nf4 Re4 29. Rf1 Nd4 30. Rf2 Ke7 31. c3 Ne6 32. Nd5+ Kd6 33. Nf6 Rf4 34. Rd2+ Ke5 35. Nd5 Rg4 36. Kc2 1/2-1/2

[Event "Jakarta Interzonal women"]
[Site "Jakarta INA"]
[Date "1993.??.??"]
[Round "?"]
[White "Juergens, Vera"]
[Black "Arakhamia-Grant, Ketevan"]
[Result "0-1"]
[WhiteElo "2350"]
[BlackElo "2440"]
[PlyCount "92"]
[EventDate "1993.07.??"]
[Source "www.chesslib.no"]
[SourceDate "2004.05.04"]

1. d4 Nf6 2. Nc3 d5 3. Bg5 Bf5 4. Bxf6 exf6 5. e3 c6 6. Bd3 Bg6 7. Nge2 Bd6 8. Ng3 Qc7 9. O-O Nd7 10. e4 dxe4 11. Ncxe4 Bxe4 12. Bxe4 g6 13. Re1 O-O-O 14. c3 f5 15. Bf3 h5 16. Qa4 Kb8 17. b4 Nf6 18. Rab1 h4 19. Nf1 g5 20. Qa5 g4 21. Qxc7+ Kxc7 22. Be2 Nd5 23. Rec1 Rhe8 24. Bc4 f4 25. Nd2 f3 26. Bxd5 cxd5 27. Nf1 Re2 28. Re1 Rxa2 29. Ra1 Rb2 30. Rab1 Ra2 31. Ra1 Rb2 32. Rab1 Rxb1 33. Rxb1 fxg2 34. Kxg2 Bf4 35. h3 f5 36. Re1 Kd7 37. Nh2 Rg8 38. hxg4 fxg4 39. Ra1 h3+ 40. Kh1 a6 41. Rg1 g3 42. fxg3 Rxg3 43. Rf1 Bd6 44. Nf3 Kc6 45. Ne5+ Bxe5 46. dxe5 Rxc3 0-1

[Event "RUS-Cup8"]
[Site "Smolensk"]
[Date "1997.??.??"]
[Round "3"]
[White "Meshkov, Yuri A"]
[Black "Vaulin, Alexander"]
[Result "0-1"]
[WhiteElo "2295"]
[BlackElo "2490"]
[PlyCount "34"]
[EventDate "1997.06.13"]
[Source "ChessBase"]
[SourceDate "1997.07.29"]

1. d4 Nf6 2. Nc3 d5 3. Bg5 Bf5 4. Bxf6 exf6 5. e3 Bb4 6. Nge2 c6 7. a3 Ba5 8. b4 Bc7 9. Ng3 Be6 10. Qh5 Nd7 11. Bd3 g6 12. Qh6 f5 13. Nge2 Nf6 14. Nf4 Qe7 15. h3 O-O-O 16. Nce2 Bd7 17. c4 dxc4 0-1

[Event "MK Cafe Cup-B"]
[Site "Koszalin"]
[Date "1998.??.??"]
[Round "9"]
[White "Hasangatin, Ramil"]
[Black "Babula, Milan"]
[Result "1/2-1/2"]
[WhiteElo "2460"]
[BlackElo "2325"]
[PlyCount "27"]
[EventDate "1998.08.??"]
[Source "www.chesslib.no"]
[SourceDate "2004.05.04"]

1. d4 Nf6 2. Nc3 d5 3. Bg5 Bf5 4. Bxf6 exf6 5. e3 c6 6. Bd3 Qd7 7. Nge2 Bxd3 8. Qxd3 f5 9. f3 Na6 10. a3 Nc7 11. e4 fxe4 12. fxe4 dxe4 13. Qxe4+ Be7 14. O-O-O 1/2-1/2

[Event "Bled Open"]
[Site "Bled SLO"]
[Date "1989.??.??"]
[Round "4"]
[White "Mohr, Georg"]
[Black "Bistric, Faruk"]
[Result "1/2-1/2"]
[WhiteElo "2450"]
[BlackElo "2330"]
[PlyCount "56"]
[EventDate "1989.02.??"]
[Source "www.chesslib.no"]
[SourceDate "2004.05.04"]

1. d4 Nf6 2. Nc3 d5 3. Bg5 Bf5 4. Bxf6 exf6 5. e3 c6 6. Bd3 Bg6 7. h4 Bd6 8. h5 Bxd3 9. Qxd3 O-O 10. Nf3 Nd7 11. Nh4 Re8 12. Nf5 Bf8 13. Qe2 Nb6 14. Qg4 Kh8 15. Ne2 Qd7 16. Nf4 Rad8 17. O-O-O Nc4 18. Rh4 Nd6 19. Nxd6 Qxd6 20. Rdh1 b6 21. Rd1 Re4 22. Qf5 Kg8 23. Rhh1 Qd7 24. Qxd7 Rxd7 25. Kd2 Bd6 26. Ne2 g6 27. Kd3 f5 28. hxg6 fxg6 1/2-1/2